| 000 | 00625nam a22001937a 4500 | ||
|---|---|---|---|
| 999 |
_c4126 _d4126 |
||
| 003 | AR-CdUCM | ||
| 008 | 190308b ||||| |||| 00| 0 spa d | ||
| 040 |
_aMUNICIPALIDAD PROVINCIAL DEL CUSCO _cBIBLIOTECA MUNICIPAL DEL CUSCO |
||
| 082 |
_a770 / _bR84 |
||
| 110 |
_aMinisterio de relaciones exteriores _93262 |
||
| 245 | _aEl rostro de Chile / | ||
| 260 |
_aChile : _bSalesianos, |
||
| 300 |
_a95 páginas ; _bfotografías ; _c30 cm. |
||
| 650 |
_aFotografía _94511 |
||
| 650 |
_aChile _91150 |
||
| 710 |
_aUniversidad de Chile dirección de asuntos culturales e información _913077 |
||
| 942 |
_2ddc _cLIBROS |
||
| 945 | _azta | ||